Eastern Utah Libraries Catalog: Duchesne, Heber, Roosevelt, & Vernal

The lost wife / (Record no. 129184)

MARC details
000 -LEADER
fixed length control field 01427cam a2200349 a 4500
001 - CONTROL NUMBER
control field BK0009569080
003 - CONTROL NUMBER IDENTIFIER
control field DLC
005 - DATE AND TIME OF LATEST TRANSACTION
control field 20241220141721.0
008 - FIXED-LENGTH DATA ELEMENTS--GENERAL INFORMATION
fixed length control field 101228s2011 nyu 000 1 eng
010 ## - LIBRARY OF CONGRESS CONTROL NUMBER
LC control number 2010054206
020 ## - INTERNATIONAL STANDARD BOOK NUMBER
International Standard Book Number 9780425244135 : PAP
Terms of availability $16.00
020 ## - INTERNATIONAL STANDARD BOOK NUMBER
International Standard Book Number 042524413X : PAP
Terms of availability $16.00
037 ## - SOURCE OF ACQUISITION
Source of stock number/acquisition Penguin Group USA, Attn: Order Processing 405 Murray Hill Pkwy, East Rutherford, NJ, USA, 07073-2136
Note SAN 282-5074
040 ## - CATALOGING SOURCE
Original cataloging agency DLC
Language of cataloging eng
Transcribing agency DLC
Modifying agency IG#
-- DAD
-- WIQ
-- UPZ
-- DLC
050 00 - LIBRARY OF CONGRESS CALL NUMBER
Classification number PS3568.I3447
Item number L67 2011
082 00 - DEWEY DECIMAL CLASSIFICATION NUMBER
Classification number 813/.54
Edition number 22
092 ## - LOCALLY ASSIGNED DEWEY CALL NUMBER (OCLC)
Classification number 813.5400
092 ## - LOCALLY ASSIGNED DEWEY CALL NUMBER (OCLC)
Classification number RICHMAN
100 1# - MAIN ENTRY--PERSONAL NAME
Personal name Richman, Alyson.
9 (RLIN) 6000005
245 14 - TITLE STATEMENT
Title The lost wife /
Statement of responsibility, etc Alyson Richman.
250 ## - EDITION STATEMENT
Edition statement Berkley trade pbk. ed.
260 ## - PUBLICATION, DISTRIBUTION, ETC. (IMPRINT)
Place of publication, distribution, etc New York :
Name of publisher, distributor, etc Berkley Books,
Date of publication, distribution, etc 2011.
300 ## - PHYSICAL DESCRIPTION
Extent 344 p. ;
Dimensions 21 cm.
520 ## - SUMMARY, ETC.
Summary, etc During the last moments of calm in prewar Prague, Lenka, a young art student, and Josef, who is studying medicine, fall in love. With the promise of a better future, they marry--only to have their dreams shattered by the imminent Nazi invasion. Like so many others, they are torn apart by the currents of war.
650 #0 - SUBJECT ADDED ENTRY--TOPICAL TERM
Topical term or geographic name as entry element Jews
Form subdivision Fiction.
9 (RLIN) 5700641
650 #0 - SUBJECT ADDED ENTRY--TOPICAL TERM
Topical term or geographic name as entry element World War, 1939-1945
Form subdivision Fiction.
9 (RLIN) 5674351
650 #0 - SUBJECT ADDED ENTRY--TOPICAL TERM
Topical term or geographic name as entry element Marriage
Form subdivision Fiction.
9 (RLIN) 5675032
651 #0 - SUBJECT ADDED ENTRY--GEOGRAPHIC NAME
Geographic name Prague (Czech Republic)
Form subdivision Fiction.
9 (RLIN) 5696242
655 #7 - INDEX TERM--GENRE/FORM
Genre/form data or focus term Love stories.
Source of term gsafd
9 (RLIN) 6278153
942 ## - ADDED ENTRY ELEMENTS (KOHA)
Koha item type BOOK
998 ## - LOCAL CONTROL INFORMATION (RLIN)
-- a205058
Holdings
Withdrawn status Lost status Source of classification or shelving scheme Damaged status Not for loan Collection code Home library Current library Shelving location Date acquired Source of acquisition Cost, normal purchase price Total Checkouts Total Renewals Full call number Barcode Date last seen Date checked out Cost, replacement price Price effective from Koha item type
    Dewey Decimal Classification     Fiction Wasatch County Library Wasatch County Library First Floor 01/31/2016 Donation 15.00 9 2 F Richman 34301001448655 11/04/2024 11/02/2024 15.00 03/20/2020 BOOK
This project was made possible through a grant from the Institute of Museum and Library Service administered by the Utah State Library Division.

Wasatch County Library

  • 465 East 1200 South, Heber City, Utah 84032
  • Phone 435-654-1511 | Fax 435-654-6456

Hours

  • Monday - Friday 9:30 AM - 8:00 PM
  • Saturday 9:30 AM - 1:30 PM
  • Closed Sundays and Holidays